00980nam a22002535a 450000500170000000800410001702000180005804000380007608200210011410000360013524500480017125000200021926000430023930000400028250000610032250000660038365000480044965000390049765100100053665300200054694200080056699900170057495201350059120160509154139.0160509s2015 ii a fr 000 0 eng d a9789350388167 aEG-ScBUEbengcEG-ScBUEdEG-ScBUE04222a005.453bPUN1 aPuntambekar, Anuradha A.91303510aCompiler design /cAnuradha A. Puntambekar. a4th revised ed. aPune :bTechnical Publications,c2015. a(Various pagings) :bill. ;c24 cm. aAlso Available as ebook : www.technicalpublications.org. aIncludes solved university questions no.-2011 to winter-2014. 72BUEsh913036aCompilers (Computer programs) 793821aComputer programming.2BUEsh 2BUEsh bCOMSCIcMay2016 2ddc c21716d21688 00102ddc40708AlahramaMAINbMAINcLOWd2016-05-09ePurchaseg99.00l0o005.453 PUNp000032452r2025-07-15 00:00:00v123.75yBB